ბათუმის შოთა რუსთაველის სახელმწიფო უნივერსიტეტის ბიბლიოთეკა

Сто великих некрополей / (ბიბ.ჩანაწერი № 61201)

000 -LEADER
fixed length control field 01166nam a22002297a 4500
005 - DATE AND TIME OF LATEST TRANSACTION
control field 20240108101657.0
008 - FIXED-LENGTH DATA ELEMENTS--GENERAL INFORMATION
fixed length control field 240108s2004 ru ||||| |||| 00| 0 rus d
020 ## - INTERNATIONAL STANDARD BOOK NUMBER
International Standard Book Number 5953302193
041 ## - LANGUAGE CODE
Language code of text/sound track or separate title rus
080 ## - UNIVERSAL DECIMAL CLASSIFICATION NUMBER
Universal Decimal Classification number 726.82(100) C-81
245 ## - TITLE STATEMENT
Title Сто великих некрополей /
Statement of responsibility, etc. Автор-составитель Надежда Алексеевна Ионина; Главный редактор С.Н. Дмитриев.
264 ## - PRODUCTION, PUBLICATION, DISTRIBUTION, MANUFACTURE, AND COPYRIGHT NOTICE
Place of production, publication, distribution, manufacture М. :
Name of producer, publisher, distributor, manufacturer Вече,
Date of production, publication, distribution, manufacture, or copyright notice 2004.
300 ## - PHYSICAL DESCRIPTION
Extent 480 с. :
Other physical details ил. ;
Dimensions 22 см.
653 ## - INDEX TERM--UNCONTROLLED
keyword ცნობილი სასაფლაოები
653 ## - INDEX TERM--UNCONTROLLED
keyword საკულტო ნაგებობები
653 ## - INDEX TERM--UNCONTROLLED
keyword ისტორიული ნაგებობები
653 ## - INDEX TERM--UNCONTROLLED
keyword კრემატორიუმები და საფლავები.
653 ## - INDEX TERM--UNCONTROLLED
keyword მავზოლეუმები, საფლავები,
700 ## - ADDED ENTRY--PERSONAL NAME
Personal name Ионина, Надежда Алексеевна
Relator term ავტორი, შემდგენელი.
9 (RLIN) 20947
700 ## - ADDED ENTRY--PERSONAL NAME
Personal name Дмитриев, С.Н.
Relator term მთავარი რედაქტორი
9 (RLIN) 20948
942 ## - ADDED ENTRY ELEMENTS (KOHA)
Source of classification or shelving scheme
Koha item type წიგნი
ეგზემპლარები
Withdrawn status Lost status Source of classification or shelving scheme Damaged status Not for loan Permanent Location Current Location Shelving location Date acquired Cost, normal purchase price Full call number Barcode Date last seen Copy number Uniform Resource Identifier Price effective from Koha item type Public note
          ბათუმის შოთა რუსთაველის სახელმწიფო უნივერსიტეტის მთავარი ბიბლიოთეკა ბათუმის შოთა რუსთაველის სახელმწიფო უნივერსიტეტის მთავარი ბიბლიოთეკა წიგნსაცავი 2024-01-08 6.00 726.82(100) C-81 65717 2024-01-08 65717 ბსუ-ს საპატიო დოქტორის გურამ ლორთქიფანიძის საჩუქარი 2024-01-08 წიგნი 6 ლ.